Normal view
MARC view
- Reynolds , George .
Entry Personal Name
001 - CONTROL NUMBER
- control field: 1374
003 - CONTROL NUMBER IDENTIFIER
- control field: OSt
005 - DATE AND TIME OF LATEST TRANSACTION
- control field: 20160830160745.0
008 - FIXED-LENGTH DATA ELEMENTS
- fixed length control field: 160830|| aca||aabn | a|a d
040 ## - CATALOGING SOURCE
- Original cataloging agency: OSt
- Transcribing agency: OSt
100 ## - HEADING--PERSONAL NAME
- Personal name: Reynolds , George .
670 ## - SOURCE DATA FOUND
- Source citation: Work cat.: (OSt)13044: Stair,Ralph . 1373, Principles of Information Systems:Manegerial Approach / , 2008.
